| 000 | 01129nam a2200289 c 4500 | ||
|---|---|---|---|
| 003 | BLK | ||
| 005 | 20180420214712.0 | ||
| 008 | 180412b bul|||||r ||||||| ||bul|| | ||
| 010 | _aKNG00013494000 | ||
| 040 | _aBLK | ||
| 041 |
_aBUL _cBUL |
||
| 080 |
_aВътрешни болести _b616.1/.4 _x(035) _z616.1/.4(035) |
||
| 139 |
_aОт симптома към диагнозата _bО 88 |
||
| 245 | 1 | 0 | _aОт симптома към диагнозата |
| 250 | _a3. изд. | ||
| 257 | _aSWI | ||
| 260 |
_аСофия _bМедицина и физкултура _c1995 |
||
| 300 |
_a675 с. _bс ил. _c23 см |
||
| 380 | _a61 | ||
| 500 | _aОриг. загл. Vom Symptom zur Diagnose. - Библиогр. след отд. разд. - 1. изд. 1971 с авт.-ред. В. Хадорн ; Предм. показалец | ||
| 650 | 4 |
_aВътрешни болести - симптоматология и диагностика _9257032 |
|
| 852 | _aЦб 189750 | ||
| 856 | 4 |
_qpdf _u |
|
| 856 | 4 |
_qpdf _u |
|
| 942 |
_cKNG _n0 |
||
| 944 |
_aCR _c15.01.2003 _kКети_Илиева |
||
| 944 |
_aED _c02.09.2015 _kГеновева_Генчева |
||
| 999 |
_c11920 _d11920 |
||